000
00222nam a22000857a 4500
008
170216b xxu||||| |||| 00| 0 eng d
100
_9
2896
_a
Gupta. R. S
245
_a
Lab Manuel Mathematics-5
260
_a
New Delhi
_b
Rachana
_c
2007
999
_c
6131
_d
6131